Library of the University of Algiers 3
Ibrahim Sultan Cheibout
شعار جامعة الجزائر 3
مكتبة جامعة الجزائر 3
إبراهيم سلطان شيبوط

أحكام البطاقات الائتمانية في القانون والآراء الفقهية الاسلامية / (رقم التسجيلة. 45233)

تفاصيل مارك
000 -LEADER
fixed length control field 01394nam a2200217Ia 4500
003 - CONTROL NUMBER IDENTIFIER
control field Ost
005 - DATE AND TIME OF LATEST TRANSACTION
control field 20260507075632.0
008 - FIXED-LENGTH DATA ELEMENTS--GENERAL INFORMATION
fixed length control field 260507s9999||||xx |||||||||||||| ||und||
020 ## - INTERNATIONAL STANDARD BOOK NUMBER
International Standard Book Number 4094348977
040 ## - CATALOGING SOURCE
Transcribing agency fsecg
041 ## - LANGUAGE CODE
Language code of text/sound track or separate title ara
082 ## - DEWEY DECIMAL CLASSIFICATION NUMBER
Classification number 332.7
100 ## - MAIN ENTRY--PERSONAL NAME
Personal name عثمان، احمد محمد عبد الحكيم
Relator term مؤلف
245 #0 - TITLE STATEMENT
Title أحكام البطاقات الائتمانية في القانون والآراء الفقهية الاسلامية /
Statement of responsibility, etc. احمد محمد عبد الحكيم عثمان
260 ## - PUBLICATION, DISTRIBUTION, ETC.
Place of publication, distribution, etc. الاسكندرية:
Name of publisher, distributor, etc. دار الفكر الجامعي,
Date of publication, distribution, etc. 2007
300 ## - PHYSICAL DESCRIPTION
Extent 414 صفحة؛
Dimensions 24 سم
520 ## - SUMMARY, ETC.
Summary, etc. في هذا الكتاب : ماهية بطاقة الإئتمان ومميزاتها في القانون الوضعي وموقف الفقه الإسلامي منها ،أركان عقد بطاقة الإئتمان في القانون الوضعي، العلاقات القائمة بين أطواف بطاقة الإئتمان في القانون الوضعي ،الإجراءات والرسوم القائمة على بطاقة الإئتمان في القانون الوضعي ،البطاقات الإئتمانية الإسلاميةالمقترحة كبديل للبطاقات المتداولة ،خاتمة تمثل أهم نتائج الدراسة
653 ## - INDEX TERM--UNCONTROLLED
Uncontrolled term الائتمان
653 ## - INDEX TERM--UNCONTROLLED
Uncontrolled term القانون
942 ## - ADDED ENTRY ELEMENTS (KOHA)
Koha item type كتب
المقتنيات
Withdrawn status Lost status Source of classification or shelving scheme Damaged status Not for loan Home library Current library Date acquired Serial enumeration / chronology Inventory number Total checkouts Full call number Barcode Date last seen Price effective from Koha item type
    Dewey Decimal Classification   NOT LOAN / إعارة داخلية مكتبة كلية العلوم الإقتصادية والعلوم التجارية وعلوم التسيير مكتبة كلية العلوم الإقتصادية والعلوم التجارية وعلوم التسيير 07/05/2026 الطابق الأرضي أ/743/1   أ/743ن1 أ/743/1 07/05/2026 07/05/2026 كتب
    Dewey Decimal Classification   Available مكتبة كلية العلوم الإقتصادية والعلوم التجارية وعلوم التسيير مكتبة كلية العلوم الإقتصادية والعلوم التجارية وعلوم التسيير 07/05/2026 الطابق الأرضي أ/743/2   أ/743ن2 أ/743/2 07/05/2026 07/05/2026 كتب
    Dewey Decimal Classification   Available مكتبة كلية العلوم الإقتصادية والعلوم التجارية وعلوم التسيير مكتبة كلية العلوم الإقتصادية والعلوم التجارية وعلوم التسيير 07/05/2026 الطابق الأرضي أ/743/3   أ/743ن3 أ/743/3 07/05/2026 07/05/2026 كتب
    Dewey Decimal Classification   Available مكتبة كلية العلوم الإقتصادية والعلوم التجارية وعلوم التسيير مكتبة كلية العلوم الإقتصادية والعلوم التجارية وعلوم التسيير 07/05/2026 الطابق الثاني أ/743/4   أ/743ن4 أ/743/4 07/05/2026 07/05/2026 كتب
    Dewey Decimal Classification   Available مكتبة كلية العلوم الإقتصادية والعلوم التجارية وعلوم التسيير مكتبة كلية العلوم الإقتصادية والعلوم التجارية وعلوم التسيير 07/05/2026 الطابق الثاني أ/743/5   أ/743ن5 أ/743/5 07/05/2026 07/05/2026 كتب
    Dewey Decimal Classification   Available مكتبة كلية العلوم الإقتصادية والعلوم التجارية وعلوم التسيير مكتبة كلية العلوم الإقتصادية والعلوم التجارية وعلوم التسيير 07/05/2026 مكتبة بن عكنون أ/743/6   أ/743ن6 أ/743/6 07/05/2026 07/05/2026 كتب
    Dewey Decimal Classification   Available مكتبة كلية العلوم الإقتصادية والعلوم التجارية وعلوم التسيير مكتبة كلية العلوم الإقتصادية والعلوم التجارية وعلوم التسيير 07/05/2026 مكتبة بن عكنون أ/743/7   أ/743ن7 أ/743/7 07/05/2026 07/05/2026 كتب

موارد الويب المفتوحة


© University of Algiers 3 All Rights Reserved
|
Implemented by LECHELAH Riad